Statistics for Billy Joel Song Initials

Click here to take the quiz!

General Stats

  • This quiz has been taken 161 times
  • The average score is 7 of 12

Answer Stats

initialsyearsong% Correct
PM1973Piano Man
94%
(ILY)JTWYA1977(I Love You) Just The Way You Are
88%
WDSTF1989We Didn't Start the Fire
84%
UG1983Uptown Girl
83%
YMBR1980You May Be Right
68%
ML1978My Life
65%
TROD1993The River of Dreams
47%
SAAW1977She's Always a Woman
47%
THAI1983Tell Her About It
39%
ISRARTM1980It's Still Rock and Roll To Me
38%
TLT1984The Longest Time
35%
YOH(SW)1985You're Only Human (Second Wind)
23%

Score Distribution

Percentile by Number Answered

Percent of People with Each Score

Your Score History

You have not taken this quiz